| 000 | 01486 a2200229 4500 | ||
|---|---|---|---|
| 003 | Nust | ||
| 005 | 20221118182827.0 | ||
| 010 | _a 97065787 | ||
| 020 | _a0790611325 (v. 4) | ||
| 040 | _cNust | ||
| 082 | 0 | 0 | _a621.381,CAR |
| 100 | 1 |
_aCarr, Joseph J. _926343 |
|
| 245 | 1 | 0 |
_aElectronic circuit guidebook / _cJoseph J. Carr. |
| 260 |
_aIndianapolis, IN : _bPrompt Publications, _cc1997-<c1999 > |
||
| 300 |
_av. 406p : _bill. ; _c24 cm. |
||
| 505 | 1 | _aIntroduction to Light and Electro Optics (Page-10), More Light Physics (Page-27), Mirrors, Prisms and Lenses (Page-57), Photoemissive Sensors: Phototubes and Photomultiplier Tubes (Page-89), Light Sources (Page-105), Photoconductive Cells (Page-139), Photovoltaic Cells (Page-157), Photodiodes and Phototransistor (Page-179), Optoisolators Optocouplers and Optoswitches (Page-199), Electronics Amplifiers for Electro Optical Circuits (Page-223), Electro-Optical Medical Instruments (Page-243), Integrated Circuit Electro-Optical Sensors (Page-255), X-Ray Sources and Radiation Detectors (Page-263), Lasers (Page-283), Fiber Optic Technology (Page-303), Television Sensor Tubes (Page-337), More Optical Instruments (Page-347), Optical Sensor Resolution Improvement Techniques (Page-367). | |
| 650 | 0 |
_aDetectors. _9399 |
|
| 650 | 0 |
_aElectronic instruments _xDesign and construction. _9103109 |
|
| 650 | 0 |
_aInterface circuits _xDesign and construction. _9103110 |
|
| 650 | 0 |
_aLinear integrated circuits. _955531 |
|
| 942 |
_2ddc _cBK |
||
| 999 |
_c178605 _d178605 |
||